Women empowerment : (Record no. 88835)

MARC details
000 -LEADER
fixed length control field 00647nam a22001937a 4500
005 - DATE AND TIME OF LATEST TRANSACTION
control field 20140925121434.0
010 ## - LCCN (DPL NO)
LC control number ENG-110915
020 ## - INTERNATIONAL STANDARD BOOK NUMBER
International Standard Book Number 9788192958255
Terms of availability 620.00
035 ## - SYSTEM CONTROL NUMBER
System control number EN-94447
037 ## - SOURCE OF ACQUISITION
Source of stock number/acquisition DBAD/PUB
082 ## - DEWEY DECIMAL CLASSIFICATION NUMBER
Classification number 305.42
100 ## - MAIN ENTRY--PERSONAL NAME
Personal name Mahanty, Shukla
245 ## - TITLE STATEMENT
Title Women empowerment :
Statement of responsibility, etc by Shukla Mahanty
Remainder of title a system for sustainable development /
260 ## - PUBLICATION, DISTRIBUTION, ETC. (IMPRINT)
Place of publication, distribution, etc New Delhi
Name of publisher, distributor, etc Gyan Geeta Prakashan
Date of publication, distribution, etc 2014
270 ## - ADDRESS
Address F-7, Gali no. 1, Panchsheel Garden Ext. Naveen Shahdara
City New Delhi
Postal code 110032
300 ## - PHYSICAL DESCRIPTION
Extent 312p.
Dimensions 22cm(Hb)
500 ## - GENERAL NOTE
General note Includes bibliographical references and index
942 ## - ADDED ENTRY ELEMENTS (KOHA)
Source of classification or shelving scheme Dewey Decimal Classification
Item type English Books
Call number suffix MAH
Classification part 305.42
Holdings
Withdrawn status Lost status Not for loan Collection code Home library Current library Date acquired Source of acquisition Cost, normal purchase price Full call number Barcode Copy number Cost, replacement price Koha item type
    Not For Loan Non-fiction D.B.Act.Division D.B.Act.Division 19/09/2014 DBAD/PUB 620.00 305.42 MAH EN-94447 1 620.00 English Books
      Non-fiction Shahdara Branch Shahdara Branch 10/05/2023   1100.00 305.42 MAH EN-120329 1   English Books

© Delhi Public Library
Hit Counter
free hit counter